Statistics for 10 Biggest Cities in Tunisia

Click here to take the quiz!

General Stats

  • This quiz has been taken 346 times
  • The average score is 5 of 10

Answer Stats

PopulationCity% Correct
695 000Tunis
100%
275 000Sfax
86%
165 000Sousse
75%
115 000Bizerte
55%
110 000Gabes
46%
120 000Kairouan
42%
80 000Gafsa
32%
80 000Kasserine
25%
100 000Aryanah
4%
120 000Midoun
3%

Score Distribution

Percentile by Number Answered

Percent of People with Each Score

Your Score History

You have not taken this quiz